000 00569nam a22001697a 4500
003 CEME
005 20210628205709.0
008 210315b xxu||||| |||| 00| 0 eng d
040 _c.
082 _a297.63 SID
100 _aMuhammad Abdul Majeed Siddiqui Siddiqui, Abdul Majeed
_976700
245 _aSeerat-un-nabi peace be upon him baad az wisal-un-nabi peace be upon him
260 _aLAHORE
_bFEROZE SONS
_c1995
300 _a4 VOLS
650 _aISLAM-SEERAT-UN-NABI PEACE BE UPON HIM.ISLAM-BIOGRAPHY-PROPHET MUHAMMAD PEACE BE UPON HIM
_976701
942 _cBK
_2ddc
999 _c582046
_d582046